=LDR 00000nam 2200000 4500 =001 INLIS000000000033949 =005 20130612135856 =008 ***********************************ind** =035 ##$$0010-061300000033949 =041 ##$$a ind =082 ##$$a 639.31 =090 ##$$a 639.31, Cri m =100 ##$$a Sri Mulyani =245 ##$$a Memelihara lele dumbo dikolam taman, Sri mulyani =260 ##$$a 1992 $b Jakarta =300 ##$$a viii,49 hlm, Ilus, 21 cm =850 ##$$a NBPNMAT